000 00440nam a2200193Ia 4500
005 20240823040632.0
008 240823s9999||||xx |||||||||||||| ||und||
020 _a978-81-237-4964-7
041 _aENGLISH
082 _A954.792 Q2
100 _aArun Sadhu
245 0 _aMaharashtra
250 _a1st
260 _c2012
_bNational Book
500 _aYES
650 _aMaharashtra Economy
_bGeneral
942 _cBK
999 _c203589
_d203589